000
00258nam a22000977a 4500
082
_a
355 KIT'L
100
_a
KITSON, FRANK
_9
37927
245
_a
LOW INTENSITY OPERATIONS SUBVERSION INSURGENCY PEACE KEEPING
260
_a
208P
_b
FABER & FABER
_c
1971
942
_c
BK
999
_c
582276
_d
582276